MARC details
| 000 -LEADER |
| campo de control de longitud fija |
02155nam a2200337 i 4500 |
| 001 - NÚMERO DE CONTROL |
| campo de control |
185172 |
| 003 - IDENTIFICADOR DE NÚMERO DE CONTROL |
| campo de control |
ES-MaACL |
| 005 - FECHA Y HORA DE LA ÚLTIMA TRANSACCIÓN |
| campo de control |
20250813063342.0 |
| 008 - DATOS DE LONGITUD FIJA--INFORMACIÓN GENERAL |
| campo de control de longitud fija |
160401s2015 mx p |||| | spa d |
| 020 ## - NÚMERO INTERNACIONAL ESTÁNDAR DEL LIBRO |
| Número Internacional Estándar del Libro |
978-84-616-9268-2 |
| 080 ## - NÚMERO DE LA CLASIFICACIÓN DECIMAL UNIVERSAL |
| Número de la Clasificación Decimal Universal |
821.134.2-13"15" |
| 100 1# - ENTRADA PRINCIPAL--NOMBRE DE PERSONA |
| Nombre de persona |
Mal Lara, Juan de, |
| Fechas asociadas al nombre |
1524-1571 |
| 9 (RLIN) |
159232 |
| 245 10 - MENCIÓN DEL TÍTULO |
| Título |
Hércules animoso / |
| Mención de responsabilidad, etc. |
Juan de Mal Lara ; estudio preliminar, notas y edición crítica de Francisco Javier Escobar Borrego ; [coordina la edición, José J. Labrador Herraiz ; prólogo, Juan Montero]. |
| 250 ## - MENCION DE EDICION |
| Mención de edición |
1ª ed. |
| 260 ## - PUBLICACIÓN, DISTRIBUCIÓN, ETC. |
| Lugar de publicación, distribución, etc. |
México, D.F. : |
| Nombre del editor, distribuidor, etc. |
Frente de Afirmación Hispanista,A.C., |
| Fecha de publicación, distribución, etc. |
2015 ( |
| Lugar de fabricación/manufactura |
Torrejón de Ardoz : |
| Fabricante |
Gráf. Dehon) |
| 300 ## - DESCRIPCIÓN FÍSICA |
| Extensión |
3 v. (624 p., [DCXXV]-DCCXLVII; p. [625]-1227, [MCCXXX]-MCCCLI; p. [1229]-1711, [MDCCXIV]-MDCCCXXXV) ; |
| Dimensiones |
24 cm. |
| 504 ## - NOTA DE BIBLIOGRAFÍA, ETC. |
| Nota de bibliografía, etc. |
Bibliografía: 287-299. |
| 505 8# - NOTA DE CONTENIDO CON FORMATO |
| Nota de contenido con formato |
Contiene: I. Libro primero. Libro segundo. Libro tercero - II. Libro cuarto. Libro quinto. Libro sexto. Libro séptimo. Libro octavo. Libro noveno - III. Libro décimo. Libro undécimo. Libro duodécimo. Tabla de los nombres proprios [sic] de dioses, diosas, hombres, mugeres, [sic] nynphas, prouincias, cibdades,[sic] ríos, montes, animales, aues y de otras cosas escuras [sic]... |
| 505 8# - NOTA DE CONTENIDO CON FORMATO |
| Nota de contenido con formato |
Contiene: Aparato crítico e índices onomástico y topográfico en los 3 v. (v. 1: DCXXV-DCCXLVII p.; v. 2: MCCXXIX-MCCCLI p.; v. 3: MDCCXIII-MDCCCXXXV p.) |
| 600 17 - PUNTO DE ACCESO ADICIONAL DE MATERIA--NOMBRE DE PERSONA |
| Nombre de persona |
Mal Lara, Juan de, |
| Fechas asociadas al nombre |
1524-1571 |
| Fuente del encabezamiento o término |
|
| 9 (RLIN) |
159232 |
| 700 1# - ENTRADA AGREGADA--NOMBRE PERSONAL |
| Nombre de persona |
Escobar Borrego, Francisco Javier, |
| Fechas asociadas al nombre |
1974- |
| 9 (RLIN) |
159233 |
| 700 1# - ENTRADA AGREGADA--NOMBRE PERSONAL |
| Nombre de persona |
Labrador Herraiz, José J. |
| 9 (RLIN) |
69288 |
| 700 1# - ENTRADA AGREGADA--NOMBRE PERSONAL |
| Nombre de persona |
Montero, Juan, |
| Fechas asociadas al nombre |
1958- |
| 9 (RLIN) |
159267 |
| 710 2# - ENTRADA AGREGADA--NOMBRE DE ENTIDAD CORPORATIVA |
| Nombre de entidad corporativa o nombre de jurisdicción como elemento de entrada |
Frente de Afirmación Hispanista, A.C. |
| 9 (RLIN) |
159234 |
| 852 ## - LOCALIZACIÓN |
| Ubicación |
ES-MaACL |
| Número de control de estantería |
A-13673 |
| itemnumber |
192191 |
| Sublocalización o colección |
R.151057 |
| Ubicación en estantería |
Depósito 1 |
| Signatura antigua |
Olim: N-6673 |
| Donativo/Legado |
Donacion: Jose J. Labrador Herraiz |
| Designación de la unidad física |
Vol. 1 |
| 852 ## - LOCALIZACIÓN |
| Ubicación |
ES-MaACL |
| Número de control de estantería |
A-13674 |
| Designación de la unidad física |
Vol. 2 |
| itemnumber |
200877 |
| Sublocalización o colección |
R.151057 |
| Ubicación en estantería |
Depósito 1 |
| Signatura antigua |
Olim: N-6674 |
| Donativo/Legado |
Donación: José J. Labrador Herraez |
| 852 ## - LOCALIZACIÓN |
| Ubicación |
ES-MaACL |
| Número de control de estantería |
A-13675 |
| Designación de la unidad física |
Vol.3 |
| itemnumber |
200878 |
| Sublocalización o colección |
R.151057 |
| Ubicación en estantería |
Depósito 1 |
| Signatura antigua |
Olim: N-6675 |
| Donativo/Legado |
Donación: José L. Labrador Herraez |
| 903 ## - NOMBRE PERSONAL DE DONANTE |
| 9 |
69288 |
| a |
Labrador Herraiz, José J. |
| e |
Donante |
| 942 ## - ELEMENTOS DE ENTRADA SECUNDARIOS (KOHA) |
| Fuente del sistema de clasificación o colocación |
Clasificación decimal universal |